| 000 | 00629nam a22001937a 4500 | ||
|---|---|---|---|
| 005 | 20250926124342.0 | ||
| 008 | 250926b |||||||| |||| 00| 0 eng d | ||
| 020 |
_a0485113236 _qAthlone Press, part 2 |
||
| 020 |
_a9798123905142 _q CBS, part 2 |
||
| 050 |
_aRS403 _b.B43 |
||
| 245 |
_aPractical Pharmaceutical Chemistry/ _cedited by A. H. Beckett & J. B. Stenlake |
||
| 250 | _a4th ed. | ||
| 260 |
_aLondon _aNew Delhi _bThe Athlone Press _bCBS Publishers & Distributors _c1988 _c2005 |
||
| 300 |
_a602p. _bill. |
||
| 500 | _aincludes index | ||
| 700 | _aBeckett, A. H. | ||
| 700 | _aStenlake, J. B. | ||
| 942 |
_2lcc _cBK _e4th ed. _n0 |
||
| 999 |
_c7756 _d7756 |
||